Use of rubber powder in the construction of roads (Record no. 71946)

MARC details
000 -LEADER
fixed length control field 00380nam a2200145Ia 4500
245 #0 - TITLE STATEMENT
Title Use of rubber powder in the construction of roads
260 ## - PUBLICATION, DISTRIBUTION, ETC. (IMPRINT)
Name of publisher Rubber Developments
Year of publication 1948
300 ## - PHYSICAL DESCRIPTION
Number of Pages 31-32
650 ## - SUBJECT ADDED ENTRY--TOPICAL TERM
Topical Term Asphalt road
650 ## - SUBJECT ADDED ENTRY--TOPICAL TERM
Topical Term Rubber powder
650 ## - SUBJECT ADDED ENTRY--TOPICAL TERM
Topical Term Rubber stiching
650 ## - SUBJECT ADDED ENTRY--TOPICAL TERM
Topical Term Rubberised road
942 ## - ADDED ENTRY ELEMENTS (KOHA)
Koha item type Journals
Holdings
Withdrawn status Lost status Damaged status Not for loan Home library Current library Shelving location Date acquired Serial Enumeration / chronology Koha item type
      Journals RRII Library RRII Library Rubber chemistry 17/12/2021 Volume 1, Issue 4 Journals